| 000 | 00435nam a2200157 i 4500 | ||
|---|---|---|---|
| 001 | bg | ||
| 100 | 1 | _aSTYBIŃSKI, Maciej | |
| 245 | 0 |
_aMetody analizy i optymalizacji tolerancji parametrów elektronicznych / _cMaciej Stybiński. |
|
| 260 |
_aWarszawa : _bWNT, _c1981. |
||
| 650 | 9 |
_aUkłady elektroniczne _xbadanie |
|
| 040 | _cBPK | ||
| 041 | _apol | ||
| 080 | _a621.38 | ||
| 942 | _cKS | ||
| 008 | s pl f |000 0 pol | ||
| 999 |
_c20237 _d20237 |
||
| 856 |
_uhttp://koha.tu.koszalin.pl/cgi-bin/koha/opac-detail.pl?biblionumber=20237 _yKatalog online BPK |
||